[Event "SRB-chT 1st League CS"]
[Site "Banja Vrujci"]
[Date "2022.10.01"]
[Round "1.6"]
[White "Milanovic, Slavisa"]
[Black "Ozsakallioglu, Okan"]
[Result "1-0"]
[WhiteElo "2301"]
[BlackElo "2178"]
[PlyCount "75"]
[EventDate "2022.10.01"]
[EventType "team-tourn"]
[EventRounds "11"]
[EventCountry "SRB"]
[SourceTitle "CBM 210 Extra"]
[Source "ChessBase"]
[SourceDate "2022.11.30"]
[SourceVersion "1"]
[SourceVersionDate "2022.11.30"]
[SourceQuality "1"]
[WhiteTeam "Krupanj"]
[BlackTeam "Valjevo Krusik"]
[WhiteTeamCountry "SRB"]
[BlackTeamCountry "SRB"]

1. c4 c6 2. Nf3 Nf6 3. Nc3 d5 4. d4 dxc4 5. a4 Bf5 6. Ne5 Nbd7 7. Nxc4 Nb6 8. Ne5 a5 9. h4 Nbd7 10. Qb3 Nxe5 11. dxe5 Nd7 12. Qxb7 Rc8 13. Bf4 Nc5 14. Qa7 e6 15. Rd1 Qc7 16. Qxc7 Rxc7 17. Rd4 Bc2 18. g3 Be7 19. Bg2 h6 20. 0-0 0-0 21. Be3 Bb3 22. Rc1 Rb8 23. Bd2 Bd5 24. Nxd5 exd5 25. Rc2 Ne6 26. Rd3 Bb4 27. Be3 Bf8 28. f4 g6 29. b3 h5 30. Bf2 Rb4 31. Rdc3 Rd7 32. Rxc6 Rxb3 33. Bh3 Re7 34. Rd2 d4 35. Bxe6 Rxe6 36. Rc8 Kg7 37. Rxd4 Be7 38. Rd7 1-0

[Event "BIH-chT 29th"]
[Site "Bihac"]
[Date "2022.08.23"]
[Round "1.1"]
[White "Redzepi, Mehmedalija"]
[Black "Milanovic, Slavisa"]
[Result "0-1"]
[WhiteElo "1859"]
[BlackElo "2307"]
[PlyCount "80"]
[EventDate "2022.08.23"]
[EventType "tourn"]
[EventRounds "9"]
[EventCountry "BIH"]
[SourceTitle "CBM 210 Extra"]
[Source "ChessBase"]
[SourceDate "2022.11.30"]
[SourceVersion "1"]
[SourceVersionDate "2022.11.30"]
[SourceQuality "1"]

1. d4 Nf6 2. c4 e6 3. Nf3 Bb4+ 4. Nbd2 0-0 5. a3 Bxd2+ 6. Bxd2 Ne4 7. Be3 d5 8. Qc2 f5 9. g3 Nd7 10. cxd5 exd5 11. Bg2 Ndf6 12. Ne5 c6 13. 0-0 a5 14. Rac1 a4 15. f3 Nd6 16. Bd2 Re8 17. Bb4 Nb5 18. e3 Be6 19. Rfd1 Nd7 20. Bf1 Nc7 21. Bd3 g6 22. Kg2 Kg7 23. h4 Bg8 24. f4 Nf6 25. Rh1 Ne4 26. g4 fxg4 27. h5 Be6 28. Bc5 Bf5 29. Qe2 Ne6 30. Bb4 Nf6 31. hxg6 hxg6 32. Be1 Qc7 33. Bxf5 gxf5 34. Qc2 Ne4 35. Bg3 Rh8 36. Qe2 Rxh1 37. Rxh1 Rh8 38. Nxg4 Rxh1 39. Bh2 Rb1 40. Ne5 Kg8 0-1

[Event "Pozarevac Rudar 4th"]
[Site "Pozarevac"]
[Date "2022.08.19"]
[Round "8"]
[White "Ivanov, Mikhail M"]
[Black "Milanovic, Slavisa"]
[Result "1/2-1/2"]
[WhiteElo "2329"]
[BlackElo "2307"]
[PlyCount "20"]
[EventDate "2022.08.13"]
[EventType "tourn"]
[EventRounds "9"]
[EventCountry "SRB"]
[SourceTitle "CBM 209 Extra"]
[Source "ChessBase"]
[SourceDate "2022.09.30"]
[SourceVersion "1"]
[SourceVersionDate "2022.09.30"]
[SourceQuality "1"]

1. d4 e6 2. c4 Nf6 3. Nf3 Bb4+ 4. Bd2 Qe7 5. a3 Bxd2+ 6. Qxd2 0-0 7. Nc3 d5 8. e3 dxc4 9. Bxc4 c5 10. 0-0 cxd4 1/2-1/2

[Event "Pozarevac Rudar 4th"]
[Site "Pozarevac"]
[Date "2022.08.16"]
[Round "5"]
[White "Milanovic, Slavisa"]
[Black "Spasic, Petar"]
[Result "1/2-1/2"]
[WhiteElo "2307"]
[BlackElo "2321"]
[PlyCount "20"]
[EventDate "2022.08.13"]
[EventType "tourn"]
[EventRounds "9"]
[EventCountry "SRB"]
[SourceTitle "CBM 209 Extra"]
[Source "ChessBase"]
[SourceDate "2022.09.30"]
[SourceVersion "1"]
[SourceVersionDate "2022.09.30"]
[SourceQuality "1"]

1. d4 d6 2. Nf3 Nf6 3. c4 g6 4. Nc3 Bg7 5. e4 0-0 6. Be2 c5 7. 0-0 cxd4 8. Nxd4 Nc6 9. Be3 Bd7 10. Qd2 Ng4 1/2-1/2

[Event "Pozarevac Rudar 3rd"]
[Site "Pozarevac"]
[Date "2022.08.07"]
[Round "4"]
[White "Radlovacki, Jovan"]
[Black "Milanovic, Slavisa"]
[Result "1/2-1/2"]
[WhiteElo "2282"]
[BlackElo "2307"]
[PlyCount "24"]
[EventDate "2022.08.04"]
[EventType "tourn"]
[EventRounds "9"]
[EventCountry "SRB"]
[SourceTitle "CBM 209 Extra"]
[Source "ChessBase"]
[SourceDate "2022.09.30"]
[SourceVersion "1"]
[SourceVersionDate "2022.09.30"]
[SourceQuality "1"]

1. e4 e6 2. d4 d5 3. exd5 exd5 4. Nf3 Nf6 5. Bd3 Bd6 6. 0-0 0-0 7. h3 c6 8. Re1 Nbd7 9. Nbd2 Re8 10. c3 Rxe1+ 11. Qxe1 Qe8 12. Qxe8+ Nxe8 1/2-1/2